| 000 | 01471cam a2200385 a 4500 | ||
|---|---|---|---|
| 001 | 9063696 | ||
| 005 | 20150914150901.0 | ||
| 006 | m u | ||
| 007 | cr cn||||||||| | ||
| 008 | 090601s2010 enk sb 001 0 eng | ||
| 010 | _z 2009022135 | ||
| 020 | _z9780826489838 (HB) | ||
| 020 | _z0826489834 (HB) | ||
| 020 | _z9780826489845 (pbk.) | ||
| 020 | _z0826489842 (pbk.) | ||
| 035 | _a(CaPaEBR)ebr10427062 | ||
| 035 | _a(NNC)9063696 | ||
| 040 |
_aCaPaEBR _cCaPaEBR |
||
| 050 | 1 | 4 |
_aB1297 _b.S47 2010 |
| 082 | 0 | 4 |
_a192 _222 |
| 100 | 1 |
_aSheridan, Patricia. _919111 |
|
| 245 | 1 | 0 |
_aLocke, a guide for the perplexed _h[electronic resource] / _cPatricia Sheridan. |
| 260 |
_aLondon ; _aNew York : _bContinuum, _cc2010. |
||
| 300 |
_av, 136 p. ; _c23 cm. |
||
| 490 | 1 | _aContinuum guides for the perplexed | |
| 504 | _aIncludes bibliographical references and index. | ||
| 505 | 0 | _aLocke's theory of ideas -- Locke's theory of matter -- Locke's theory of language -- Locke's theory of identity -- Locke's theory of morality -- Locke's theory of knowledge. | |
| 533 |
_aElectronic reproduction. _bPalo Alto, Calif. : _cebrary, _d2011. _nAvailable via World Wide Web. _nAccess may be limited to ebrary affiliated libraries. |
||
| 600 | 1 | 0 |
_aLocke, John, _d1632-1704. _910580 |
| 655 | 7 |
_aElectronic books. _2local _919900 |
|
| 710 | 2 |
_aebrary, Inc. _919113 |
|
| 830 | 0 |
_aGuides for the perplexed. _911161 |
|
| 942 |
_2lcc _cMONOGRAPH |
||
| 999 |
_c123168 _d123168 |
||